| 000 | 01308nam a2200385 i 4500 | ||
|---|---|---|---|
| 001 | 1350 | ||
| 003 | KOSZ 005 | ||
| 005 | 20191017092953.0 | ||
| 008 | 001109s1979 pl a f f |000 0 pol | ||
| 015 | _aPB 1979/5728 | ||
| 020 | _a8370000029 | ||
| 035 | _a(OCoLC)830273611 | ||
| 040 |
_aWA N _cWA N _dKOSZ 005/EC |
||
| 041 | 0 | _apol | |
| 046 | _k1979 | ||
| 080 | _a624.131 | ||
| 080 | _a528 | ||
| 080 | _a(075.8) | ||
| 245 | 0 | 0 |
_aGeodezja inżynieryjna : _bpraca zbiorowa. _nT. 1 / _c[aut. Kazimierz Bramorski et al. ; red. nauk. Mieczysław Lipiński]. |
| 260 |
_aWarszawa : _bPańst. Przedsiębiorstwo Wydawnictw Kartograficznych, _c1979. |
||
| 300 |
_a638 s., [1] k. tabl. : _bil. ; _c24 cm. |
||
| 380 | _aKsiążki. | ||
| 388 | _a1901-2000 | ||
| 388 | _a1945-1989 | ||
| 504 | _aBibliogr. | ||
| 658 | _aGeografia i nauki o Ziemi | ||
| 658 | _aArchitektura i budownictwo | ||
| 650 | 4 | _aGeodezja | |
| 655 | 4 | _aPodręczniki akademickie | |
| 700 | 1 |
_aBramorski, Kazimierz. _eAutor |
|
| 700 | 1 |
_aLipiński, Mieczysław _d(1911-1991). _eRedakcja |
|
| 710 | 2 |
_aPaństwowe Przedsiębiorstwo Wydawnictw Kartograficznych _4pbl. |
|
| 856 |
_uhttp://koha.tu.koszalin.pl/cgi-bin/koha/opac-detail.pl?biblionumber=1350 _yKatalog online BPK |
||
| 942 |
_2UKD _cKS |
||
| 999 |
_c1350 _d1350 |
||